[Event "13. Bayer Open"]
[Site "Leverkusen"]
[Date "2015.03.09"]
[Round "6.30"]
[White "Schwark, Mario"]
[Black "Hoffmann, Michael"]
[Result "1-0"]
[WhiteElo "1816"]
[BlackElo "1696"]
[PlyCount "69"]
[EventDate "2015.??.??"]
[WhiteTeam "SG Kalker/Deutzer"]
[BlackTeam "SG Neuss"]

1. d4 d5 2. c4 c6 3. Nf3 Nf6 4. Qc2 dxc4 5. e3 b5 6. a4 e6 7. Ne5 Nfd7 8. Nf3
Bb7 9. Nc3 a6 10. Be2 Be7 11. O-O Qc7 12. e4 e5 13. axb5 cxb5 14. Nd5 Bxd5 15.
exd5 Qd6 16. dxe5 Nxe5 17. Nxe5 Qxe5 18. Bf3 Bd6 19. g3 O-O 20. Bd2 Nd7 21. Bc3
Qg5 22. Rfe1 Nc5 23. Re2 Nb3 24. Rae1 Nc5 25. Be5 Nd3 26. Bxd6 Nxe1 27. Rxe1
Qf6 28. Bxf8 Qxf3 29. Bc5 Qxd5 30. Qe4 Qd8 31. Bd4 h6 32. Qg4 g6 33. Qe4 Kh7
34. Qe5 Qf8 35. Qf6 1-0

[Event "13. Bayer Open"]
[Site "Leverkusen"]
[Date "2015.03.09"]
[Round "6.31"]
[White "Pützkaul, Karl"]
[Black "Reif, Frank"]
[Result "1/2-1/2"]
[WhiteElo "1737"]
[BlackElo "1736"]
[PlyCount "52"]
[EventDate "2015.??.??"]
[WhiteTeam "SC Bayer Leverkusen"]
[BlackTeam "TV Witzhelden"]

1. Nf3 Nf6 2. g3 g6 3. Bg2 Bg7 4. O-O O-O 5. d3 d6 6. Nbd2 e5 7. e4 Nc6 8. c3
Ne8 9. Nc4 f5 10. Bg5 Nf6 11. Ne3 h6 12. Bxf6 Qxf6 13. exf5 gxf5 14. Nh4 Ne7
15. f4 c6 16. fxe5 dxe5 17. Bh3 Qg5 18. Qf3 f4 19. Bxc8 Raxc8 20. Neg2 Rcd8 21.
Rad1 Nd5 22. g4 Nf6 23. h3 h5 24. gxh5 Nxh5 25. Qg4 Qxg4 26. hxg4 Ng3 1/2-1/2

[Event "13. Bayer Open"]
[Site "Leverkusen"]
[Date "2015.03.09"]
[Round "6.32"]
[White "Arnold, Bodo"]
[Black "Ipekyilmaz, Tayfun"]
[Result "1-0"]
[WhiteElo "1626"]
[BlackElo "1587"]
[PlyCount "33"]
[EventDate "2015.??.??"]
[WhiteTeam "SF Schlebusch"]
[BlackTeam "Langenfelder SF"]

1. Nf3 d5 2. c4 Nf6 3. g3 c6 4. b3 Bg4 5. Bg2 Nbd7 6. O-O e5 7. d3 Bd6 8. Nbd2
Qc7 9. a3 h5 10. h3 e4 11. dxe4 dxe4 12. Ng5 e3 13. Nde4 exf2+ 14. Rxf2 Be5 15.
Bf4 Bf5 16. Bxe5 Qxe5 17. Nd6+ 1-0

[Event "13. Bayer Open"]
[Site "Leverkusen"]
[Date "2015.03.09"]
[Round "6.33"]
[White "Kayser, Manfred"]
[Black "Elsweiler, Karl-Heinz"]
[Result "0-1"]
[WhiteElo "1502"]
[BlackElo "1560"]
[PlyCount "52"]
[EventDate "2015.??.??"]
[WhiteTeam "Königsspringer Leverkusen"]
[BlackTeam "SV Opladen"]

1. d4 Nf6 2. c4 e6 3. Nc3 Bb4 4. Bg5 h6 5. Bd2 O-O 6. e3 b6 7. Nf3 Bb7 8. Be2
d5 9. O-O Nbd7 10. a3 Be7 11. Rc1 c5 12. cxd5 Nxd5 13. Nxd5 Bxd5 14. Bc3 Rc8
15. Qa4 Rc7 16. Ne5 Nxe5 17. dxe5 Qa8 18. Qg4 Rd8 19. f4 Qc8 20. Bf3 Bxf3 21.
Rxf3 Rd3 22. Rh3 g6 23. Rg3 Kh7 24. h4 h5 25. Qh3 Qd8 26. Re1 Bxh4 0-1

[Event "13. Bayer Open"]
[Site "Leverkusen"]
[Date "2015.03.09"]
[Round "6.34"]
[White "van Kempen, Susanne"]
[Black "Stuch, Hans-Ferdinand"]
[Result "1/2-1/2"]
[WhiteElo "1521"]
[BlackElo "1608"]
[PlyCount "82"]
[EventDate "2015.??.??"]
[WhiteTeam "SV Opladen"]
[BlackTeam "SC Bonn Beuel"]

1. e4 e5 2. Nf3 Nf6 3. Bc4 Nc6 4. Ng5 d5 5. exd5 Na5 6. Bb5+ c6 7. dxc6 bxc6 8.
Be2 h6 9. Nh3 Bd6 10. b3 O-O 11. Ba3 c5 12. c4 Bb7 13. f3 Nc6 14. Nf2 Nd4 15.
Nc3 Re8 16. Nfe4 Nxe4 17. Nxe4 Bxe4 18. fxe4 Qh4+ 19. Kf1 Qxe4 20. Rc1 Qf4+ 21.
Kg1 e4 22. Rc3 e3 23. dxe3 Rxe3 24. Rxe3 Qxe3+ 25. Kf1 Re8 26. Bd3 Re6 27. g3
Rf6+ 28. Kg2 Rf2+ 29. Kh3 Qe6+ 30. Qg4 Qxg4+ 31. Kxg4 Rxa2 32. Bc1 Ra1 33. Rf1
Nxb3 34. Be3 Rxf1 35. Bxf1 a5 36. Bd3 a4 37. Bc2 Kf8 38. Kf5 Na5 39. Bxa4 Nxc4
40. Bf4 Ke7 41. Bb3 Bxf4 1/2-1/2

[Event "13. Bayer Open"]
[Site "Leverkusen"]
[Date "2015.03.09"]
[Round "6.36"]
[White "Kinnert, Reinhard"]
[Black "Domnick, Michael"]
[Result "0-1"]
[WhiteElo "1581"]
[BlackElo "1789"]
[PlyCount "58"]
[EventDate "2015.??.??"]
[WhiteTeam "TV Witzhelden"]
[BlackTeam "TV Witzhelden"]

1. e4 d5 2. exd5 Qxd5 3. Nf3 Nf6 4. Nc3 Qa5 5. d4 c6 6. Bd2 Bg4 7. Ne4 Qc7 8.
Nxf6+ gxf6 9. Bc4 e6 10. h3 Bxf3 11. Qxf3 Nd7 12. Qh5 Nb6 13. Bb3 O-O-O 14.
O-O-O Rxd4 15. Bc3 Rxd1+ 16. Rxd1 Nd5 17. Bxd5 cxd5 18. Bxf6 Qf4+ 19. Kb1 Qxf6
20. Qe2 Bg7 21. Qb5 Qe7 22. a4 Kb8 23. Rd3 a6 24. Qb6 Qc7 25. Qe3 Rc8 26. Qd2
Qc4 27. Rf3 Rc7 28. Rg3 Qd4 29. c3 Qxd2 0-1

[Event "13. Bayer Open"]
[Site "Leverkusen"]
[Date "2015.03.09"]
[Round "6.38"]
[White "Paul, André David"]
[Black "Asadzade, Idris"]
[Result "1/2-1/2"]
[WhiteElo "1710"]
[BlackElo "1525"]
[PlyCount "97"]
[EventDate "2015.??.??"]
[WhiteTeam "Kölner SK Dr. Lasker"]
[BlackTeam "SG Porz"]

1. d4 Nf6 2. c4 c5 3. d5 e6 4. Nc3 exd5 5. cxd5 d6 6. e4 g6 7. Bd3 Bg7 8. Nf3
O-O 9. O-O Bg4 10. h3 Bxf3 11. Qxf3 Nbd7 12. Bf4 Qe7 13. Rfe1 Ne5 14. Qe2 Nh5
15. Bd2 Nxd3 16. Qxd3 Qc7 17. Nb5 Qb6 18. Rab1 a6 19. Na3 Qc7 20. g4 Nf6 21. b4
b6 22. bxc5 bxc5 23. Nc4 a5 24. Rb6 Rfd8 25. Reb1 Qe7 26. f3 a4 27. Rb7 Rd7 28.
Rxd7 Nxd7 29. Bc3 Ne5 30. Bxe5 Bxe5 31. Kg2 Qg5 32. Nxe5 Qxe5 33. Qe3 g5 34.
Rb6 h6 35. Rb7 Qe8 36. h4 Qe5 37. hxg5 Qxg5 38. Qxg5+ hxg5 39. Rb6 Rc8 40. Rxd6
c4 41. Rc6 Rb8 42. Rxc4 Rb2+ 43. Kg3 Rxa2 44. Rc8+ Kg7 45. Rc6 a3 46. Rc1 Rd2
47. Ra1 a2 48. e5 Rxd5 49. Rxa2 1/2-1/2

[Event "13. Bayer Open"]
[Site "Leverkusen"]
[Date "2015.03.09"]
[Round "6.39"]
[White "Seelig, Jochen"]
[Black "Elshani, Shaip"]
[Result "0-1"]
[WhiteElo "1307"]
[BlackElo "1581"]
[PlyCount "78"]
[EventDate "2015.??.??"]
[WhiteTeam "SF Schlebusch"]
[BlackTeam "SC Bayer Leverkusen"]

1. Nf3 c5 2. b3 d6 3. e3 e5 4. Bb5+ Bd7 5. Bxd7+ Nxd7 6. d4 e4 7. Nfd2 d5 8.
Bb2 Qg5 9. g3 Ngf6 10. Qe2 a6 11. a4 h5 12. h4 Qf5 13. Nf1 Rc8 14. c3 Bd6 15.
Nh2 O-O 16. Na3 Rfd8 17. Nc2 c4 18. b4 Qh3 19. Qf1 Qf5 20. Qg1 Ng4 21. Nxg4
Qxg4 22. Kd2 Nf6 23. Ne1 Qd7 24. Qf1 Qc7 25. Rh3 Bxb4 26. Ba3 Bxa3 27. Rxa3 b5
28. axb5 axb5 29. Nc2 Ra8 30. Qa1 Rxa3 31. Qxa3 Ng4 32. Ke2 Qd7 33. Rh1 Qf5 34.
Rf1 Nh2 35. Rg1 Qg4+ 36. Ke1 Nf3+ 37. Kf1 Nxg1 38. Kxg1 Qd1+ 39. Kg2 Qxc2 0-1

[Event "13. Bayer Open"]
[Site "Leverkusen"]
[Date "2015.03.09"]
[Round "6.40"]
[White "Skiber, Friedel"]
[Black "van Hove, Ode"]
[Result "1-0"]
[WhiteElo "1552"]
[BlackElo "1461"]
[PlyCount "41"]
[EventDate "2015.??.??"]
[WhiteTeam "SG Solingen"]
[BlackTeam "SV Schewe Torm/Derendorf"]

1. e4 e5 2. Nf3 f5 3. Nxe5 Qf6 4. d4 d6 5. Nc4 fxe4 6. Ne3 c6 7. c4 Qg6 8. Nc3
Nf6 9. Be2 Be7 10. f3 exf3 11. Bxf3 O-O 12. O-O Na6 13. a3 Nc7 14. b4 a6 15.
Ra2 b5 16. Bxc6 Rb8 17. c5 dxc5 18. dxc5 Be6 19. Raf2 Rbd8 20. Qe1 Bb3 21. Nf5
1-0

[Event "13. Bayer Open"]
[Site "Leverkusen"]
[Date "2015.03.09"]
[Round "6.42"]
[White "Longerich, Hans-Peter"]
[Black "Jacobi, Bernd"]
[Result "1/2-1/2"]
[WhiteElo "1375"]
[BlackElo "1414"]
[PlyCount "31"]
[EventDate "2015.??.??"]
[WhiteTeam "SC Bayer Leverkusen"]
[BlackTeam "Langenfelder SF"]

1. e4 e6 2. d4 d5 3. exd5 exd5 4. Bd3 Nf6 5. Nf3 Bg4 6. Bg5 Be7 7. O-O O-O 8.
Nbd2 Nbd7 9. c3 c6 10. Qc2 h6 11. Bh4 Bxf3 12. Nxf3 Qc7 13. Bg3 Bd6 14. Bxd6
Qxd6 15. Rae1 Rfe8 16. Bf5 1/2-1/2

[Event "13. Bayer Open"]
[Site "Leverkusen"]
[Date "2015.03.09"]
[Round "6.43"]
[White "Rist, Kurt"]
[Black "Weirich, Ralf"]
[Result "0-1"]
[WhiteElo "1532"]
[BlackElo "1206"]
[PlyCount "120"]
[EventDate "2015.??.??"]
[WhiteTeam "SG Solingen"]
[BlackTeam "TV Witzhelden"]

1. e4 e5 2. Nf3 Nf6 3. Bc4 Nxe4 4. O-O d5 5. Be2 Bd6 6. d4 exd4 7. Qxd4 Nf6 8.
Nc3 Nc6 9. Bb5 O-O 10. Qh4 h6 11. Rd1 Be6 12. Be3 Be7 13. Qa4 Bg4 14. Rd2 Bxf3
15. gxf3 Ne5 16. Be2 c6 17. Kh1 b5 18. Qf4 Bd6 19. Qf5 Qd7 20. Qxd7 Nfxd7 21.
Rg1 Nc4 22. Bxc4 bxc4 23. Bxh6 Be5 24. Nd1 Kh7 25. Be3 Nf6 26. Rg5 Rfe8 27. c3
Nd7 28. f4 Bd6 29. Rh5+ Kg6 30. Rg5+ Kh7 31. f5 Rh8 32. f4 Nf6 33. Rdg2 Ne8 34.
R2g4 f6 35. Rg6 Kg8 36. h4 Rh7 37. Kg2 Kf7 38. Bd4 c5 39. Bf2 Nc7 40. h5 Rg8
41. Bh4 Ne8 42. Ne3 Rxh5 43. Nxd5 Rxf5 44. Ne3 Rxf4 45. Bg3 Rxg4 46. Rxg4 Bxg3
47. Kxg3 Nc7 48. Rxc4 Ne6 49. Ra4 Ra8 50. Ra6 g6 51. Nd5 f5 52. Kh4 g5+ 53. Kg3
f4+ 54. Kg4 c4 55. Rxe6 Kxe6 56. Nc7+ Ke5 57. Nxa8 Ke4 58. Nc7 f3 59. Ne6 f2
60. Nxg5+ Ke3 0-1

[Event "13. Bayer Open"]
[Site "Leverkusen"]
[Date "2015.03.09"]
[Round "6.44"]
[White "Gülden, Ralf"]
[Black "Fried, Hans-Joachim"]
[Result "1-0"]
[WhiteElo "1503"]
[BlackElo "1467"]
[PlyCount "47"]
[EventDate "2015.??.??"]
[WhiteTeam "Königsspringer Leverkusen"]
[BlackTeam "TV Witzhelden"]

1. d4 Nf6 2. c4 c6 3. Nf3 d5 4. cxd5 cxd5 5. Nc3 Nc6 6. a3 Bg4 7. e3 a6 8. Be2
e6 9. O-O Bxf3 10. Bxf3 Bd6 11. e4 dxe4 12. Nxe4 Nxe4 13. Bxe4 Qc7 14. h3 O-O
15. Be3 Rac8 16. Rc1 Qd7 17. d5 exd5 18. Qxd5 Ne7 19. Qxb7 Qxb7 20. Bxb7 Rb8
21. Bxa6 Rxb2 22. a4 Be5 23. Bc5 Ra8 24. Bxe7 1-0

[Event "13. Bayer Open"]
[Site "Leverkusen"]
[Date "2015.03.09"]
[Round "6.45"]
[White "Hoferichter, Michael"]
[Black "Kopernok, Ingo"]
[Result "0-1"]
[WhiteElo "1302"]
[BlackElo "1341"]
[PlyCount "68"]
[EventDate "2015.??.??"]
[WhiteTeam "Klub Kölner SF"]
[BlackTeam "SG Solingen"]

1. d4 d5 2. c4 c6 3. Nc3 Nf6 4. cxd5 cxd5 5. Nf3 Bf5 6. Qb3 Qd7 7. e3 a6 8. Ne5
Qc8 9. Nxd5 Bc2 10. Nxf6+ gxf6 11. Qxf7+ Kd8 12. Qd5+ Ke8 13. Nc4 Nd7 14. Bd2
b5 15. Qh5+ Bg6 16. Qd5 bxc4 17. Bxc4 Nb6 18. Qa5 Nxc4 19. Qa4+ Kf7 20. Rc1 Bd3
21. Qb3 Qf5 22. Rxc4 Bxc4 23. Qxc4+ e6 24. O-O Rg8 25. f3 h5 26. e4 Qg6 27. Rf2
Be7 28. d5 exd5 29. exd5 Kg7 30. Qc7 Qf7 31. Re2 Rae8 32. Kh1 Bd8 33. Qxf7+
Kxf7 34. d6 Rxe2 0-1

[Event "13. Bayer Open"]
[Site "Leverkusen"]
[Date "2015.03.09"]
[Round "6.47"]
[White "Yon, Gregory"]
[Black "Roder, Stephan"]
[Result "1-0"]
[WhiteElo "1517"]
[BlackElo "1369"]
[PlyCount "77"]
[EventDate "2015.??.??"]
[WhiteTeam "TSV Bergisch Gladbach"]
[BlackTeam "TSV Bergisch Gladbach"]

1. c4 g6 2. g3 Bg7 3. Bg2 d6 4. d4 c6 5. Nf3 Bf5 6. Nc3 Nf6 7. O-O Qc8 8. Bg5
h6 9. Bxf6 exf6 10. e4 Bg4 11. Qd3 O-O 12. Rfe1 Na6 13. a3 Rd8 14. Rac1 g5 15.
Ne2 Bh5 16. b4 Bg6 17. Nd2 Qd7 18. Qb3 Rac8 19. d5 cxd5 20. cxd5 f5 21. Bh3 g4
22. Bg2 Rxc1 23. Rxc1 Rc8 24. Rxc8+ Qxc8 25. Nc4 Qd8 26. Nf4 b5 27. Na5 Qc7 28.
Nc6 Qb6 29. Nxg6 fxg6 30. exf5 gxf5 31. Ne7+ Kf7 32. Nxf5 Bf8 33. Qc2 Qc7 34.
Qe2 Qc1+ 35. Bf1 Nc7 36. Qxg4 Nxd5 37. Qh5+ Kf6 38. Qf3 Nf4 39. Ne3 1-0

[Event "13. Bayer Open"]
[Site "Leverkusen"]
[Date "2015.03.09"]
[Round "6.48"]
[White "Milz, Ulrich"]
[Black "Müller, Horst"]
[Result "1-0"]
[WhiteElo "1554"]
[BlackElo "1522"]
[PlyCount "78"]
[EventDate "2015.??.??"]
[WhiteTeam "SC Bayer Leverkusen"]
[BlackTeam "SV Springer Hitdorf"]

1. e4 c5 2. Nc3 d6 3. Bc4 e6 4. Nf3 a6 5. a3 Nc6 6. O-O Nf6 7. d3 b5 8. Ba2 Be7
9. h3 Bb7 10. Ne2 d5 11. exd5 Nxd5 12. Re1 O-O 13. Nf4 Nf6 14. Ng5 Bc8 15.
Ngxe6 fxe6 16. Bxe6+ Kh8 17. Bxc8 Qxc8 18. Ne6 Re8 19. Ng5 Nd8 20. b4 cxb4 21.
axb4 h6 22. Nf3 Nc6 23. c3 Nd5 24. Qb3 Qd8 25. Bd2 Qd6 26. c4 Ndxb4 27. cxb5
axb5 28. Rxa8 Rxa8 29. Re6 Ra1+ 30. Ne1 Qxd3 31. Qb2 Qd4 32. Bc3 Rxe1+ 33. Rxe1
Qf4 34. Bxg7+ Kg8 35. Bc3 Nd3 36. Qa2+ Kh7 37. Qc2 Qxf2+ 38. Qxf2 Bc5 39. Qxc5
Nxc5 1-0

[Event "13. Bayer Open"]
[Site "Leverkusen"]
[Date "2015.03.09"]
[Round "6.49"]
[White "Balduan, Karl-Heinz"]
[Black "Mizich, Vadim"]
[Result "1-0"]
[WhiteElo "1510"]
[BlackElo "1449"]
[PlyCount "69"]
[EventDate "2015.??.??"]
[WhiteTeam "Königsspringer Leverkusen"]
[BlackTeam "Königsspringer Leverkusen"]

1. d4 d5 2. Nf3 Nc6 3. e3 Bg4 4. Be2 e6 5. O-O g6 6. h3 Bf5 7. Ne5 Nxe5 8. dxe5
h5 9. Nd2 Bc5 10. Nb3 Bb6 11. Bd2 c6 12. Bb4 Bc7 13. Bc3 f6 14. exf6 e5 15. f7+
Kxf7 16. Bd3 Bxd3 17. cxd3 Nf6 18. Qe2 Qd6 19. f4 e4 20. Bxf6 Kxf6 21. Rad1
Rae8 22. dxe4 Rxe4 23. Nd2 Rxe3 24. Qxe3 Bb6 25. Qxb6 axb6 26. Ne4+ dxe4 27.
Rxd6+ Kf5 28. g3 Re8 29. Kf2 e3+ 30. Ke2 Re4 31. Rfd1 b5 32. R6d3 Rb4 33. b3 c5
34. Rd5+ Ke6 35. Rxc5 1-0

[Event "13. Bayer Open"]
[Site "Leverkusen"]
[Date "2015.03.09"]
[Round "6.50"]
[White "Azimi, Reza"]
[Black "Barche, Uwe"]
[Result "1-0"]
[WhiteElo "1364"]
[BlackElo "1244"]
[PlyCount "89"]
[EventDate "2015.??.??"]
[WhiteTeam "Schachuzipus Köln-Mülheim"]
[BlackTeam "SG Solingen"]

1. e4 e6 2. d4 d5 3. exd5 exd5 4. Bd3 Bd6 5. Be3 Nc6 6. c3 Nge7 7. Nf3 Bg4 8.
Nbd2 Qd7 9. h3 Bh5 10. Qc2 Bg6 11. O-O Bxd3 12. Qxd3 h6 13. Rae1 O-O-O 14. b4
Ng6 15. a4 Nf4 16. Bxf4 Bxf4 17. Nb3 Bd6 18. a5 a6 19. b5 axb5 20. Qxb5 Nb8 21.
Qd3 g5 22. Ne5 Bxe5 23. Rxe5 f6 24. Nc5 Qh7 25. Rf5 Rd6 26. Qf3 Qf7 27. Re1
Rhd8 28. Rfe5 Nc6 29. Qf5+ Kb8 30. Re6 Rxe6 31. Rxe6 Rd6 32. Re1 Nxa5 33. Rb1
h5 34. Qd3 Kc8 35. Ra1 Nc6 36. Ra8+ Nb8 37. Qf5+ Rd7 38. Nxd7 Qxd7 39. Qxd7+
Kxd7 40. Rxb8 b6 41. Kf1 Kc6 42. Rf8 Kb5 43. Rxf6 Kc4 44. Rc6+ Kb5 45. Rxc7 1-0

[Event "13. Bayer Open"]
[Site "Leverkusen"]
[Date "2015.03.23"]
[Round "7.1"]
[White "Auer, Martin"]
[Black "Pauly, Carlo"]
[Result "1-0"]
[WhiteElo "2134"]
[BlackElo "2242"]
[PlyCount "64"]
[EventDate "2015.??.??"]
[WhiteTeam "SG Solingen"]
[BlackTeam "SG Porz"]

1. f4 g6 2. Nf3 d5 3. e3 Bg7 4. Be2 c5 5. d3 Nc6 6. O-O Qc7 7. e4 dxe4 8. dxe4
Bg4 9. c3 e5 10. Na3 Rd8 11. Qa4 Nge7 12. fxe5 O-O 13. Be3 Bxf3 14. gxf3 Qxe5
15. f4 Qe6 16. Qc2 b6 17. Bc4 Qh3 18. Qe2 g5 19. fxg5 Ne5 20. Bf4 N7g6 21. Bg3
h6 22. gxh6 Bxh6 23. Bd5 Kh8 24. c4 Rde8 25. Rf5 Ng4 26. Nc2 Nh4 27. Bxh4 Qxh4
28. Kh1 f6 {Rest unklar:} 29. Rg1 Ne5 30. Rh5 Qf4 31. Rf1 Qg4 32. Rxh6+ Kg7 1-0

[Event "13. Bayer Open"]
[Site "Leverkusen"]
[Date "2015.03.23"]
[Round "7.2"]
[White "Negele, Michael"]
[Black "Rotstein, Jefim"]
[Result "1-0"]
[WhiteElo "2117"]
[BlackElo "2266"]
[PlyCount "73"]
[EventDate "2015.??.??"]
[WhiteTeam "SC Bayer Leverkusen"]
[BlackTeam "SC Tornado Hochneukirch"]

1. d4 f5 2. Bg5 c6 3. Nc3 Qb6 4. Qd3 Qxb2 5. Rb1 Qa3 6. Rb3 Qa5 7. d5 Na6 8.
Qxf5 Nc5 9. Bd2 Nxb3 10. cxb3 Nf6 11. e4 e6 12. Qg5 cxd5 13. e5 Bb4 14. exf6
Bxc3 15. Qxg7 Bxd2+ 16. Kd1 Kd8 17. Qxh8+ Kc7 18. Qxh7 Qxa2 19. Qc2+ Qxc2+ 20.
Kxc2 Bh6 21. Nf3 d6 22. g4 e5 23. g5 Bf5+ 24. Kd2 Bf8 25. Nh4 Be6 26. Ng6 d4
27. Bg2 a5 28. h4 Bxb3 29. h5 Bg8 30. Rc1+ Kd7 31. Bxb7 Rb8 32. Bc8+ Ke8 33.
Nxf8 Kxf8 34. g6 Bf7 35. Rc7 Bd5 36. h6 Kg8 37. Bf5 1-0

[Event "13. Bayer Open"]
[Site "Leverkusen"]
[Date "2015.03.23"]
[Round "7.3"]
[White "Peschel, Andreas"]
[Black "Khanukov, Boris"]
[Result "0-1"]
[WhiteElo "2101"]
[BlackElo "2200"]
[PlyCount "82"]
[EventDate "2015.??.??"]
[WhiteTeam "SG Solingen"]
[BlackTeam "Bahn-SC Wuppertal"]

1. c4 c5 2. Nc3 Nc6 3. g3 e6 4. Bg2 Nf6 5. e4 Be7 6. Nge2 d6 7. O-O O-O 8. a3
Nd4 9. h3 e5 10. d3 Bd7 11. b4 b6 12. Bb2 Ne8 13. f4 Nc7 14. b5 g6 15. Nd5 Nxd5
16. exd5 Nxe2+ 17. Qxe2 exf4 18. Rae1 Bf6 19. Rxf4 Bxb2 20. Qxb2 Qg5 21. Kh2
Rae8 22. Rxe8 Rxe8 23. Qf6 Qxf6 24. Rxf6 Kf8 25. g4 Re5 26. Be4 Ke7 27. Rf2 f5
28. gxf5 gxf5 29. Bf3 Kf6 30. Bg2 Re3 31. a4 Rxd3 32. Ra2 f4 33. a5 Bf5 34.
axb6 axb6 35. Ra8 f3 36. Rf8+ Ke5 37. Bh1 Kf4 38. Rf6 Rd2+ 39. Kg1 Rd1+ 40. Kh2
f2 41. Bg2 Ke5 0-1

[Event "13. Bayer Open"]
[Site "Leverkusen"]
[Date "2015.03.23"]
[Round "7.4"]
[White "Sockel, Karl-Heinz"]
[Black "Balduan, Markus"]
[Result "0-1"]
[WhiteElo "1893"]
[BlackElo "2231"]
[PlyCount "188"]
[EventDate "2015.??.??"]
[WhiteTeam "SC Bayer Leverkusen"]
[BlackTeam "TV Witzhelden"]

1. d4 d5 2. Nf3 Nf6 3. e3 c5 4. c3 cxd4 5. exd4 Nc6 6. Bd3 Bg4 7. Nbd2 e6 8.
O-O Bd6 9. Re1 Qc7 10. h3 Bh5 11. Nf1 O-O 12. Bg5 Nd7 13. Rc1 Rfc8 14. Bh4 Bg6
15. Bxg6 hxg6 16. Bg3 b5 17. Qe2 Rab8 18. Ng5 Nf8 19. Nf3 Na5 20. Ne5 Nc4 21.
Nd3 Nd7 22. h4 Nf6 23. Nc5 Bxg3 24. Nxg3 Qf4 25. h5 gxh5 26. Nxh5 Nxh5 27. Qxh5
Nxb2 28. Rc2 Nc4 29. g3 Qf5 30. Qxf5 exf5 31. Re7 a5 32. Rce2 b4 33. cxb4 Rxb4
34. Ra7 Nd6 35. Ree7 Rxd4 36. Rxa5 f4 37. gxf4 Rxf4 38. Nd3 Rd4 39. Ne5 Nc4 40.
Nxc4 dxc4 41. Raa7 c3 42. Rac7 Rc4 43. Re8+ Rxe8 44. Rxc4 Re1+ 45. Kg2 Rc1 46.
a4 Kh7 47. a5 Kg6 48. a6 c2 49. a7 Ra1 50. Rxc2 Rxa7 51. Rc5 Ra4 52. Kg3 f6 53.
Rb5 Re4 54. f3 Re5 55. Rb7 Rg5+ 56. Kf2 Kh6 57. Rb8 Rf5 58. Kg3 Kg5 59. Rb7 g6
60. Rb4 Ra5 61. Rg4+ Kf5 62. Rf4+ Ke6 63. Re4+ Re5 64. Ra4 Kf7 65. Ra7+ Re7 66.
Ra6 Rc7 67. Rb6 g5 68. Ra6 Rc4 69. Ra5 Kg6 70. Ra6 Rd4 71. Rc6 Kf5 72. Ra6 Rd5
73. Ra4 Re5 74. Rb4 Re3 75. Kf2 Rc3 76. Rb5+ Kg6 77. Rb6 Rc4 78. Kg3 Rf4 79.
Ra6 Kh5 80. Ra8 f5 81. Rh8+ Kg6 82. Rg8+ Kf6 83. Rf8+ Kg7 84. Ra8 Rd4 85. Ra6
Rd3 86. Ra5 Kg6 87. Ra6+ Kh5 88. Ra5 f4+ 89. Kf2 Rd2+ 90. Ke1 Rb2 91. Rc5 Kh4
92. Ra5 Kg3 93. Ra3 Rg2 94. Kf1 Rf2+ 0-1

[Event "13. Bayer Open"]
[Site "Leverkusen"]
[Date "2015.03.23"]
[Round "7.5"]
[White "Eigemann, Frederik"]
[Black "Krüger, Andre"]
[Result "0-1"]
[WhiteElo "1949"]
[BlackElo "2062"]
[PlyCount "68"]
[EventDate "2015.??.??"]
[WhiteTeam "SG Porz"]
[BlackTeam "SV Mülheim-Nord"]

1. d4 Nf6 2. Bg5 d5 3. e3 Nbd7 4. c4 e6 5. Nc3 h6 6. Bh4 Bb4 7. a3 Bxc3+ 8.
bxc3 c5 9. Qb3 Qa5 10. Bxf6 Nxf6 11. cxd5 O-O 12. Bd3 cxd4 13. exd4 exd5 14.
Ne2 Ne4 15. f3 Nd6 16. Nf4 Be6 17. O-O Rac8 18. Rfc1 Rc6 19. Qb4 Qc7 20. Ne2
Bf5 21. Bxf5 Nxf5 22. Qb5 Ne3 23. Rab1 b6 24. Rb3 Re6 25. g3 g5 26. Re1 Nc2 27.
Rc1 Rxe2 28. Qxe2 Nxd4 29. Qb2 Nxb3 30. Qxb3 Qc5+ 31. Kg2 Re8 32. Rc2 Re1 33.
Rf2 Re3 34. Rc2 Qc6 0-1

[Event "13. Bayer Open"]
[Site "Leverkusen"]
[Date "2015.03.23"]
[Round "7.6"]
[White "Roßkothen, Arnd"]
[Black "Spiekermann, Stefan"]
[Result "1/2-1/2"]
[WhiteElo "2045"]
[BlackElo "1988"]
[PlyCount "44"]
[EventDate "2015.??.??"]
[WhiteTeam "Uedemer SC"]
[BlackTeam "SV Menden"]

1. Nf3 Nf6 2. g3 g6 3. Bg2 Bg7 4. O-O d5 5. c4 dxc4 6. Qa4+ Nfd7 7. Qxc4 O-O 8.
d3 Nb6 9. Qh4 Nc6 10. Nc3 e5 11. Qxd8 Rxd8 12. Bg5 f6 13. Be3 Nb4 14. Bc5 N4d5
15. Nxd5 Nxd5 16. Rfc1 c6 17. a4 Bf8 18. Nd2 Nb4 19. Ne4 Bxc5 20. Nxc5 a5 21.
h4 Kf7 22. Kf1 b6 1/2-1/2

[Event "13. Bayer Open"]
[Site "Leverkusen"]
[Date "2015.03.23"]
[Round "7.7"]
[White "Wille, Thomas"]
[Black "Goerke, Joachim"]
[Result "1/2-1/2"]
[WhiteElo "1973"]
[BlackElo "2065"]
[PlyCount "54"]
[EventDate "2015.??.??"]
[WhiteTeam "Krefelder SK Turm"]
[BlackTeam "SG Solingen"]

1. c4 Nf6 2. g3 e5 3. Bg2 Nc6 4. Nc3 Bb4 5. Nd5 Bc5 6. e3 d6 7. a3 a5 8. Ne2
O-O 9. O-O Bg4 10. h3 Bd7 11. Kh2 Rb8 12. d3 Nxd5 13. cxd5 Ne7 14. d4 Bb6 15.
dxe5 dxe5 16. Nc3 Nf5 17. b3 Nd6 18. Bb2 Qe7 19. Ne4 f5 20. Nxd6 cxd6 21. Qd2
Rbc8 22. Rac1 f4 23. Rxc8 fxg3+ 24. fxg3 Bxc8 25. Rxf8+ Kxf8 26. Bc3 Qg5 27. e4
Qxd2 1/2-1/2

[Event "13. Bayer Open"]
[Site "Leverkusen"]
[Date "2015.03.23"]
[Round "7.8"]
[White "Birnkott, Manfred"]
[Black "Schneider, Bernd"]
[Result "0-1"]
[WhiteElo "1888"]
[BlackElo "2358"]
[PlyCount "70"]
[EventDate "2015.??.??"]
[WhiteTeam "SC Bayer Leverkusen"]
[BlackTeam "Bochumer SV"]

1. e4 g6 2. d4 Bg7 3. Nc3 c6 4. Be3 d5 5. exd5 cxd5 6. Nf3 Nc6 7. Be2 Nh6 8.
Qd2 Nf5 9. Bb5 O-O 10. Bxc6 Nxe3 11. fxe3 bxc6 12. O-O Rb8 13. Na4 f6 14. c3 e5
15. Nc5 e4 16. Ne1 g5 17. b3 f5 18. g3 Rf6 19. Ng2 Bf8 20. Rad1 Bd6 21. Rf2 Qe7
22. c4 Be6 23. Nxe6 Qxe6 24. cxd5 cxd5 25. Rc1 Rbf8 26. Rc6 Qd7 27. Rc2 R8f7
28. Qc3 Rf8 29. Rf1 Kh8 30. Qc6 Qf7 31. Qc3 Qh5 32. Qd2 Rh6 33. h4 Bxg3 34.
Rxf5 Rxf5 35. Rc8+ Kg7 0-1

[Event "13. Bayer Open"]
[Site "Leverkusen"]
[Date "2015.03.23"]
[Round "7.9"]
[White "Kuhn, Andreas"]
[Black "Ljuboschiz, Alexander"]
[Result "0-1"]
[WhiteElo "1904"]
[BlackElo "2031"]
[PlyCount "30"]
[EventDate "2015.??.??"]
[WhiteTeam "SG Niederkassel"]
[BlackTeam "SV Würselen"]

1. d4 g6 2. c4 Bg7 3. Nc3 d6 4. e4 Nf6 5. f4 O-O 6. Nf3 c5 7. d5 a6 8. Bd3 b5
9. cxb5 axb5 10. Nxb5 Na6 11. Nc3 Nb4 12. Be2 e6 13. dxe6 Bxe6 14. a3 Qb6 15.
Be3 Bb3 0-1

[Event "13. Bayer Open"]
[Site "Leverkusen"]
[Date "2015.03.23"]
[Round "7.10"]
[White "van Kempen, Heinz"]
[Black "Schulte-Lentz, Christian"]
[Result "0-1"]
[WhiteElo "1724"]
[BlackElo "1995"]
[PlyCount "50"]
[EventDate "2015.??.??"]
[WhiteTeam "SV Opladen"]
[BlackTeam "Langenfelder SF"]

1. e4 e5 2. Bc4 Nf6 3. Nf3 Nc6 4. Ng5 d5 5. exd5 Nd4 6. d6 Qxd6 7. Bxf7+ Ke7 8.
Bh5 h6 9. Nf7 Qd5 10. Nxh8 Qxg2 11. Ng6+ Kd8 12. d3 Qxh1+ 13. Kd2 Bb4+ 14. c3
Qxh2 15. cxb4 Nxh5 16. Kc3 Nb5+ 17. Kc4 c6 18. Kb3 Be6+ 19. Kc2 Qxf2+ 20. Bd2
Nd4+ 21. Kc1 Ne2+ 22. Kc2 Nd4+ 23. Kc1 Ng3 24. b3 Qf6 25. Nh8 Kc7 0-1

[Event "13. Bayer Open"]
[Site "Leverkusen"]
[Date "2015.03.23"]
[Round "7.12"]
[White "Vranidis, Athanassios"]
[Black "Juziak, Peter"]
[Result "1-0"]
[WhiteElo "1820"]
[BlackElo "1995"]
[PlyCount "45"]
[EventDate "2015.??.??"]
[WhiteTeam "SG Solingen"]
[BlackTeam "Düsseldorfer SV"]

1. d4 c5 2. d5 Nf6 3. c4 g6 4. Nc3 Bg7 5. e4 d6 6. h3 O-O 7. Nf3 e6 8. Bd3 exd5
9. cxd5 a6 10. a4 Nh5 11. O-O Nd7 12. Bg5 Bf6 13. Be3 b6 14. Re1 Ne5 15. Be2
Ng7 16. Nxe5 dxe5 17. a5 Bg5 18. Qd2 Bxe3 19. Qxe3 Bd7 20. axb6 Qxb6 21. Na4
Bxa4 22. Rxa4 Ne8 23. b4 1-0